[Event "34th Chess Olympiad (men)"]
[Site "Istanbul"]
[Date "2000.10.31"]
[Round "4.1.4"]
[White "Portisch, Lajos"]
[Black "Luther, Thomas"]
[WhiteElo "2573"]
[BlackElo "2547"]
[WhiteCountry "HUN"]
[BlackCountry "GER"]
[Result "0-1"]

1. d4 d5 2. c4 c6 3. Nc3 Nf6 4. e3 a6 5. Nf3 b5 6. b3 Bg4 7. Be2 e6 8. O-O Be7 
9. Bb2 O-O 10. Rc1 Ra7 11. Ne5 Bxe2 12. Qxe2 Nfd7 13. Nf3 dxc4 14. bxc4 Nb6 
15. Nd2 bxc4 16. Nxc4 Nxc4 17. Qxc4 Rb7 18. Rc2 Qa5 19. Qa4 Qf5 20. e4 Qh5 
21. Ba3 Bxa3 22. Qxa3 Rd8 23. Ne2 Qb5 24. Rfc1 h6 25. h3 Nd7 26. Qe3 Qa5 
27. Ng3 Nf8 28. a3 Rbd7 29. Ne2 e5 30. Rc5 exd4 31. Nxd4 Qc7 32. Rxc6 Qe5 
33. Nf3 Rd1+ 34. Ne1 Ne6 35. Rc8 Rxc8 36. Rxd1 Rc3 37. Rd3 Rc4 38. f3 Nf4 
39. Rd8+ Kh7 40. Qd2 Rc1 41. Kf2 Qc5+ 42. Qe3 Qc7 43. Rd7 Nxh3+ 44. Kf1 Qxd7 
0-1

[Event "34th Chess Olympiad (men)"]
[Site "Istanbul"]
[Date "2000.10.31"]
[Round "4.2.4"]
[White "Sutovsky, Emil"]
[Black "Perez, Rodney"]
[WhiteElo "2609"]
[BlackElo "2478"]
[WhiteCountry "ISR"]
[BlackCountry "CUB"]
[Result "1-0"]

1. e4 e5 2. Nf3 Nf6 3. Nxe5 d6 4. Nf3 Nxe4 5. d4 d5 6. Bd3 Be7 7. O-O Bf5 
8. Ne5 Nd7 9. Qf3 Nxe5 10. dxe5 Qd7 11. Nc3 Bg4 12. e6 Bxe6 13. Nxe4 dxe4 
14. Bxe4 c6 15. Rd1 Qc8 16. Re1 O-O 17. Qh5 f5 18. Bd3 Bf6 19. c3 Re8 
20. Bf4 g6 21. Qf3 Bd5 22. Qg3 Qd7 23. h4 Qg7 24. Bc2 Bf7 25. Bb3 Bxb3 
26. axb3 a6 27. Rad1 Qf7 28. h5 Rxe1+ 29. Rxe1 Re8 30. Rd1 Rd8 31. Rxd8+ Bxd8 
32. Bh6 Qd5 33. Kh2 Kf7 34. c4 Qd1 35. hxg6+ hxg6 36. Qb8 Be7 37. Bf4 g5 
38. Be5 Qh5+ 39. Kg1 Qd1+ 40. Kh2 
1-0

[Event "34th Chess Olympiad (men)"]
[Site "Istanbul"]
[Date "2000.10.31"]
[Round "4.3.2"]
[White "Leitao, Rafael"]
[Black "Stohl, Igor"]
[WhiteElo "2567"]
[BlackElo "2578"]
[WhiteCountry "BRA"]
[BlackCountry "SVK"]
[Result "1-0"]

1. e4 c5 2. Nf3 d6 3. d4 cxd4 4. Nxd4 Nf6 5. Nc3 a6 6. Be2 e6 7. O-O Nbd7 
8. a4 b6 9. f4 Bb7 10. Bf3 Qc7 11. Kh1 Rd8 12. Qe1 Be7 13. Qg3 O-O 14. e5 Ne8 
15. Be3 g6 16. f5 Bxf3 17. fxe6 Bb7 18. Nf5 Nxe5 19. Bxb6 Qxb6 20. Nxe7+ Kh8 
21. Ned5 Bxd5 22. Nxd5 Qxb2 23. e7 Ng7 24. Qh4 Rc8 25. Nf6 h5 26. exf8Q+ Rxf8 
27. Qg5 Ng4 28. Nd7 Rc8 29. h3 Qb7 30. Rxf7 
1-0

[Event "34th Chess Olympiad (men)"]
[Site "Istanbul"]
[Date "2000.10.31"]
[Round "4.3.3"]
[White "Mrva, Martin"]
[Black "Vescovi, Giovanni"]
[WhiteElo "2468"]
[BlackElo "2526"]
[WhiteCountry "SVK"]
[BlackCountry "BRA"]
[Result "1/2-1/2"]

1. e4 c5 2. Nf3 e6 3. Nc3 Nc6 4. d4 cxd4 5. Nxd4 Qc7 6. Be3 Nf6 7. Bd3 a6 
8. O-O Ne5 9. h3 Bc5 10. Na4 Ba7 11. c4 d6 12. Rc1 Bd7 13. Nc3 O-O 14. b3 Qa5 
15. a4 Bc5 16. Qe2 Qb6 17. a5 Qxa5 18. Bb1 Ng6 19. Rfd1 Rac8 20. Rd2 b5 
21. Na2 bxc4 22. bxc4 Rb8 23. Nc3 Rfc8 24. Ba2 Qb6 25. Rb1 Qa7 26. Rbd1 Qb7 
27. Bg5 Ne8 28. h4 h6 29. h5 Ne5 30. Bh4 Qb4 31. Rc2 Ba4 32. Nxa4 Qxa4 
33. Nf3 Nxf3+ 34. gxf3 e5 35. Kh2 Nc7 36. Rg1 Ne6 37. f4 exf4 38. Rd2 Qa5 
39. e5 f3 40. Qd3 Bd4 41. c5 Bxe5+ 42. Kh1 Qb4 43. Bg3 Bxg3 44. Rxg3 dxc5 
45. Bxe6 Qb1+ 46. Kh2 Qxd3 47. Rxd3 fxe6 48. Rd7 g5 49. hxg6ep Rf8 50. Rh3 Rf5 
51. Rxh6 Rg5 52. g7 Rxg7 53. Rxg7+ Kxg7 54. Rxe6 Ra8 55. Rc6 a5 56. Rxc5 a4 
57. Rc2 a3 58. Ra2 Kf6 59. Kg3 Ke5 60. Kxf3 Kd4 61. Kg4 Kc3 62. f4 Kb3 
63. Ra1 Kb2 64. Rf1 a2 65. f5 
1/2-1/2

[Event "34th Chess Olympiad (men)"]
[Site "Istanbul"]
[Date "2000.10.31"]
[Round "4.3.4"]
[White "Lima, Darcy"]
[Black "Markos, Jan"]
[WhiteElo "2525"]
[BlackElo "2327"]
[WhiteCountry "BRA"]
[BlackCountry "SVK"]
[Result "1/2-1/2"]

1. e4 c5 2. Nf3 Nc6 3. d4 cxd4 4. Nxd4 Nf6 5. Nc3 e5 6. Ndb5 d6 7. Nd5 Nxd5 
8. exd5 Nb8 9. c4 Be7 10. Be2 O-O 11. O-O a6 12. Nc3 f5 13. f4 Bf6 14. Kh1 Nd7 
15. Be3 exf4 16. Bxf4 Ne5 17. Rc1 Bd7 18. b4 Rc8 19. Qb3 Qb6 20. Nb1 Ng6 
21. Be3 Bd4 22. Bxd4 Qxd4 23. c5 dxc5 24. bxc5 Rxc5 25. Rxc5 Qxc5 26. Qxb7 Bb5 
27. Bxb5 axb5 28. Nd2 Rf7 29. Qa8+ Rf8 30. Qb7 Qd4 31. Nf3 Qd3 32. Re1 Rd8 
33. h4 Qxd5 34. Re8+ Nf8 35. Qxd5+ Rxd5 36. Rb8 h6 37. Kg1 Kf7 38. Kf2 Ne6 
39. Ke3 Kf6 40. Rb6 g5 41. hxg5+ hxg5 42. g3 g4 43. Ne1 Re5+ 44. Kf2 Ke7 
45. Nd3 Rd5 46. Ke3 Kd7 47. Rb7+ Nc7 48. Rb8 Ne6 49. Rb7+ Nc7 
1/2-1/2

[Event "34th Chess Olympiad (men)"]
[Site "Istanbul"]
[Date "2000.10.31"]
[Round "4.4.3"]
[White "Svidler, Peter"]
[Black "Hauchard, Arnaud"]
[WhiteElo "2689"]
[BlackElo "2539"]
[WhiteCountry "RUS"]
[BlackCountry "FRA"]
[Result "1-0"]

1. e4 c6 2. d4 d5 3. Nd2 dxe4 4. Nxe4 Bf5 5. Ng3 Bg6 6. h4 h6 7. Nf3 Nf6 
8. Ne5 Bh7 9. Bd3 Nbd7 10. Bxh7 Nxh7 11. Qe2 e6 12. Bd2 Be7 13. O-O-O O-O 
14. f4 f5 15. Qc4 Nxe5 16. dxe5 Qd5 17. Qxd5 cxd5 18. h5 Rfc8 19. Ne2 Nf8 
20. g4 fxg4 21. Rdg1 Rc7 22. Be3 Rac8 23. c3 b6 24. Rxg4 Bc5 25. Kd2 Rf7 
26. Rhg1 Nd7 27. Rg6 Kh8 28. Bxc5 Nxc5 29. Ke3 Re7 30. Nd4 Rce8 31. Rc1 Nd7 
32. c4 dxc4 33. Rxc4 Nf8 34. Rg2 Kh7 35. Rgc2 g5 36. hxg6ep+ Nxg6 37. Rc7 Kg8 
38. R2c6 Nf8 39. Nb5 Ng6 40. Rxa7 Rxa7 41. Nxa7 Ne7 42. Rc4 Ra8 43. Nc6 Nf5+ 
44. Ke4 Rxa2 45. Nd8 Ng7 46. Rc6 Rxb2 47. Nxe6 Rb4+ 48. Kf3 Nf5 49. Kg4 Ne3+ 
50. Kf3 Nf5 51. Rc8+ Kf7 52. Rf8+ Kxe6 53. Rf6+ Kd5 54. Rxf5 Rc4 55. Rh5 Rc6 
56. Rh1 b5 57. Kg4 b4 58. Kf5 b3 59. e6 b2 60. Rb1 Rc2 61. e7 Re2 62. Kf6 
1-0

[Event "34th Chess Olympiad (men)"]
[Site "Istanbul"]
[Date "2000.10.31"]
[Round "4.5.1"]
[White "Van, Wely Loek"]
[Black "Adams, Michael"]
[WhiteElo "2643"]
[BlackElo "2755"]
[WhiteCountry "NED"]
[BlackCountry "ENG"]
[Result "1/2-1/2"]

1. d4 Nf6 2. c4 e6 3. Nc3 Bb4 4. Qc2 d5 5. cxd5 Qxd5 6. Nf3 Qf5 7. Qxf5 exf5 
8. a3 Be7 9. g3 c6 10. Bg2 Be6 11. Bg5 Nbd7 12. O-O a5 13. b4 axb4 14. axb4 O-O 
15. Rab1 Ra3 16. Bxf6 Nxf6 17. Rfc1 Ne4 18. Nxe4 fxe4 19. Ne5 e3 20. f4 Bf5 
21. Rb2 Ra4 22. d5 Rxb4 23. Rxb4 Bxb4 24. dxc6 Bd2 25. Rc5 bxc6 26. Nxc6 Bg4 
27. Kf1 g6 28. h3 Be6 29. g4 Kg7 30. Bd5 Bxd5 31. Rxd5 Rc8 32. Rd6 Ra8 
33. Rd7 Ra4 34. Rd4 Ra1+ 35. Kg2 Re1 36. Kf3 Rh1 37. Rd7 Rxh3+ 38. Kg2 Rh4 
39. Ne5 Kg8 40. Rd8+ Kg7 41. Rd7 Kg8 42. Rd8+ Kg7 43. Rd7 
1/2-1/2

[Event "34th Chess Olympiad (men)"]
[Site "Istanbul"]
[Date "2000.10.31"]
[Round "4.5.3"]
[White "Tiviakov, Sergei"]
[Black "Hodgson, Julian M"]
[WhiteElo "2608"]
[BlackElo "2640"]
[WhiteCountry "NED"]
[BlackCountry "ENG"]
[Result "1/2-1/2"]

1. e4 e6 2. d4 d5 3. Nd2 dxe4 4. Nxe4 Nf6 5. Nf3 c5 6. Bd3 h6 7. O-O Qc7 
8. Bf4 b6 9. Ne5 Bd6 10. Bg3 O-O 11. c3 Rd8 12. Bb1 Bb7 13. Bxe5 Qxe5 
14. h3 Qc7 
1/2-1/2

[Event "34th Chess Olympiad (men)"]
[Site "Istanbul"]
[Date "2000.10.31"]
[Round "4.6.1"]
[White "Ye, Jiangchuan"]
[Black "Krasenkow, Michal"]
[WhiteElo "2670"]
[BlackElo "2702"]
[WhiteCountry "CHN"]
[BlackCountry "POL"]
[Result "1/2-1/2"]

1. e4 c5 2. Nf3 Nc6 3. Nc3 e5 4. Bc4 Be7 5. d3 d6 6. Nd2 Nf6 7. Nf1 Bg4 
8. f3 Be6 9. Ne3 a6 10. O-O b5 11. Bd5 Rc8 12. a4 Qb6 13. axb5 axb5 14. Ne2 O-O 
15. f4 c4 16. Kh1 Nb4 17. dxc4 bxc4 18. Nc3 exf4 19. Rxf4 Nd7 20. Nf5 Bxf5 
21. exf5 Bf6 22. Rxc4 Bxc3 23. bxc3 Nxd5 24. Rxc8 Rxc8 25. Qxd5 Qf2 26. Bd2 Nf6 
27. Qd4 Nd7 28. Bc1 
1/2-1/2

[Event "34th Chess Olympiad (men)"]
[Site "Istanbul"]
[Date "2000.10.31"]
[Round "4.6.2"]
[White "Markowski, Tomasz"]
[Black "Xu, Jun"]
[WhiteElo "2568"]
[BlackElo "2668"]
[WhiteCountry "POL"]
[BlackCountry "CHN"]
[Result "1/2-1/2"]

1. Nf3 Nf6 2. c4 c5 3. Nc3 Nc6 4. g3 d5 5. cxd5 Nxd5 6. Bg2 g6 7. O-O Bg7 
8. Ng5 Nb6 9. Nge4 c4 10. b3 O-O 11. Ba3 Bf5 12. Rc1 Qc8 13. bxc4 Nxc4 
14. Nd5 Nxa3 15. Rxc6 Qd8 16. Rc7 Kh8 17. Nc5 e6 18. Rd7 Qa5 19. Nc7 Rac8 
20. Nxb7 Qb6 21. Qa4 Bb2 22. d3 g5 23. Qa6 Qxa6 24. Nxa6 Nb5 25. a4 e5 
26. Re7 Ba3 27. Rxe5 Nd4 28. Kh1 Bxd3 29. exd3 Rc6 30. Nac5 Rfc8 31. Rd5 Nc2 
32. d4 Nxd4 33. Rxd4 Bxc5 34. Nxc5 Rxc5 35. Kg1 g4 36. f4 gxf3ep 37. Bxf3 Ra5 
38. Kg2 Rc3 39. h4 h5 40. Re1 Ra3 41. Bd1 Rc5 42. Rf1 Re3 43. Rff4 Kg7 
44. Kf2 Ra3 45. Rf3 Ra2+ 46. Ke3 Rc6 47. Bb3 Ra1 48. Kd2 Rb1 49. Bd5 Rcb6 
50. Rc4 R1b2+ 51. Kd3 R2b3+ 52. Rc3 R3b4 53. Rc4 Rb2 54. Ke3 R2b3+ 55. Kf2 Rb2+ 
56. Kg1 Ra2 57. Rd4 Rc2 58. Rf2 Rc3 59. Kg2 a5 60. Rf3 Rc1 61. Bb3 Rb1 
62. Bd1 R6b4 63. Rxb4 Rxb4 
1/2-1/2

[Event "34th Chess Olympiad (men)"]
[Site "Istanbul"]
[Date "2000.10.31"]
[Round "4.6.3"]
[White "Peng, Xiaomin"]
[Black "Socko, Bartosz"]
[WhiteElo "2657"]
[BlackElo "2528"]
[WhiteCountry "CHN"]
[BlackCountry "POL"]
[Result "1/2-1/2"]

1. e4 e6 2. d4 d5 3. e5 c5 4. c3 Qb6 5. Nf3 Nc6 6. a3 Bd7 7. b4 cxd4 
8. cxd4 Rc8 9. Bb2 Na5 10. Nbd2 Nc4 11. Nxc4 dxc4 12. Rc1 a5 13. Nd2 axb4 
14. Nxc4 Qd8 15. axb4 Bxb4+ 16. Bc3 Bxc3+ 17. Rxc3 Kf8 18. Ra3 Bc6 19. Nd6 Ra8 
20. Qa1 Rxa3 21. Qxa3 Ne7 22. Bc4 g6 23. O-O Kg7 24. Rd1 Qc7 25. h4 Rd8 
26. Qb2 Kg8 27. Qb3 Qd7 28. Rb1 Nc8 29. Nxb7 Bxb7 30. Qxb7 Qxb7 31. Rxb7 Rxd4 
32. Bb5 Rb4 33. f4 Kg7 34. g3 Ne7 35. Rxe7 
1/2-1/2

[Event "34th Chess Olympiad (men)"]
[Site "Istanbul"]
[Date "2000.10.31"]
[Round "4.6.4"]
[White "Kempinski, Robert"]
[Black "Ni, Hua"]
[WhiteElo "2522"]
[BlackElo "2490"]
[WhiteCountry "POL"]
[BlackCountry "CHN"]
[Result "1/2-1/2"]

1. d4 Nf6 2. c4 g6 3. Nc3 d5 4. cxd5 Nxd5 5. Bd2 Bg7 6. e4 Nb6 7. Be3 O-O 
8. Be2 Nc6 9. Nf3 Bg4 10. e5 Nb4 11. O-O N4d5 12. Bd2 Nxc3 13. Bxc3 Nd5 
14. Bd2 c6 15. a4 a5 16. Ra3 Qb6 17. Rb3 Nb4 18. Be3 Qc7 19. Bc4 Qd7 20. h3 Be6 
21. Bxe6 Qxe6 22. Bd2 Qc4 23. Rc3 Qa6 24. h4 Nd5 25. Rc5 Qb6 26. Qc2 Nc7 
27. Rc3 Ne6 28. Be3 Qd8 29. Qe4 Qd7 30. h5 Rfe8 31. Rfc1 Nc7 32. Rb3 Nd5 
33. Bd2 e6 34. Ng5 h6 35. Nf3 g5 36. Rc5 b6 37. Rc1 b5 38. Bxg5 bxa4 
39. Ra3 hxg5 40. Nxg5 f5 41. exf6ep Bxf6 42. Rg3 Kh8 43. Rxc6 Rg8 44. Rd6 Qc7 
45. Rc6 Qd7 46. Rd6 Qc7 47. Rc6 
1/2-1/2

[Event "34th Chess Olympiad (men)"]
[Site "Istanbul"]
[Date "2000.10.31"]
[Round "4.7.1"]
[White "Sasikiran, Krishnan"]
[Black "Shabalov, Alexander"]
[WhiteElo "2573"]
[BlackElo "2601"]
[WhiteCountry "IND"]
[BlackCountry "USA"]
[Result "1-0"]

1. b3 e5 2. Bb2 Nc6 3. e3 a6 4. c4 g6 5. Nc3 Bg7 6. g3 h5 7. Bg2 d6 8. h3 Nh6 
9. d3 O-O 10. Qd2 Rb8 11. Nge2 Nf5 12. Rc1 Nce7 13. Nd5 c6 14. O-O Be6 
15. Ndc3 d5 16. Ne4 Bc8 17. cxd5 cxd5 18. Ng5 Nc6 19. h4 d4 20. Rc5 Qc7 21. Ne4 
1-0

[Event "34th Chess Olympiad (men)"]
[Site "Istanbul"]
[Date "2000.10.31"]
[Round "4.8.3"]
[White "Kulaots, Kaido"]
[Black "Minasian, Artashes"]
[WhiteElo "2491"]
[BlackElo "2595"]
[WhiteCountry "EST"]
[BlackCountry "ARM"]
[Result "1/2-1/2"]

1. e4 e6 2. d4 d5 3. Nc3 Be7 4. Bd3 Nc6 5. Nf3 Nb4 6. Bb5+ c6 7. Be2 dxe4 
8. Nxe4 Nf6 9. Nxf6+ Bxf6 10. O-O O-O 11. c3 Nd5 12. Qd3 b6 13. Qe4 Bb7 
14. c4 Ne7 15. Rd1 Ng6 16. Qg4 Qe7 17. Bg5 Rfd8 18. Bxf6 Qxf6 19. Ng5 Qe7 
20. c5 h5 21. Qxh5 Rd5 22. Ne4 Rad8 23. Qf3 bxc5 24. Qe3 Ba6 25. dxc5 f5 
26. b4 Ne5 27. Re1 Qf6 28. Bxa6 f4 29. Qb3 Kh8 30. Rad1 Rxd1 31. Rxd1 Rxd1+ 
32. Qxd1 Qh4 33. h3 Ng4 34. Qe2 Ne5 35. Nf6 Qxf6 36. Qe4 f3 37. Be2 Kg7 
38. a4 Kf8 39. b5 f3 40. Qxf3 Qf4 41. gxf3 Qxf3 42. Ba6 
1/2-1/2

[Event "34th Chess Olympiad (men)"]
[Site "Istanbul"]
[Date "2000.10.31"]
[Round "4.9.1"]
[White "Shirov, Alexei"]
[Black "Antonio, Rogelio Jr"]
[WhiteElo "2746"]
[BlackElo "2547"]
[WhiteCountry "ESP"]
[BlackCountry "PHI"]
[Result "1-0"]

1. e4 c6 2. d4 d5 3. e5 Bf5 4. c3 e6 5. Be3 Qb6 6. Qb3 a5 7. Nd2 h5 8. a4 Be7 
9. Be2 Bd8 10. h3 Ne7 11. g3 Bc2 12. f4 Nf5 13. Bf2 g5 14. fxg5 Bxg5 
15. Ngf3 Be7 16. O-O Be4 17. Ne1 Bd3 18. Nxd3 Bf8 19. Kh2 Qxd4 20. Rab1 Bh6 
21. Nf3 Ra7 22. cxd4 Rg8 23. Nde1 hxg4 24. hxg4 Ne7 25. Nc5 Rf8 26. g5 Bxg5 
27. Qxd5 exd5 28. Ne6 fxe6 29. Rg1 Bd2 30. Rg6 Bb4 31. Rxe6 Ra6 
1-0

[Event "34th Chess Olympiad (men)"]
[Site "Istanbul"]
[Date "2000.10.31"]
[Round "4.10.1"]
[White "Korchnoi, Viktor"]
[Black "Efimov, Igor"]
[WhiteElo "2620"]
[BlackElo "2520"]
[WhiteCountry "SUI"]
[BlackCountry "ITA"]
[Result "1-0"]

1. d4 d6 2. e4 Nf6 3. f3 d5 4. e5 Ng8 5. c4 dxc4 6. Bxc4 e6 7. f4 Bb4+ 
8. Nc3 Ne7 9. Bxe6 Bxe6 10. Qb3 Bxc3+ 11. bxc3 Qd5 12. Ba3 h6 13. Bd6 b6 
14. Bxe7 Qxb3 15. axb3 f6 16. exf6 a5 17. Bf8 gxf6 18. c4 Rxf8 19. Rxa5 bxa5 
20. c5 
1-0

[Event "34th Chess Olympiad (men)"]
[Site "Istanbul"]
[Date "2000.10.31"]
[Round "4.10.2"]
[White "D'Amore, Carlo"]
[Black "Gallagher, Joseph G"]
[WhiteElo "2462"]
[BlackElo "2514"]
[WhiteCountry "ITA"]
[BlackCountry "SUI"]
[Result "1/2-1/2"]

1. Nf3 g6 2. d4 Nf6 3. g3 Bg7 4. Bg2 O-O 5. O-O d6 6. b3 e5 7. dxe5 dxe5 
8. Bb2 e4 9. Ne5 Qe7 10. Qc1 Bf5 11. Nc4 Qe6 12. Nc3 Nc6 13. Qf4 Nd4 
14. Qxc7 b5 15. Rad1 Rfc8 16. Qa5 Nxe2+ 17. Nxe2 bxc4 18. Nd4 Qb6 19. Qxb6 axb6 
20. Nxf5 gxf5 21. Bxf6 Bxf6 22. Rd5 Rc5 23. Rxc5 bxc5 24. a4 
1/2-1/2

[Event "34th Chess Olympiad (men)"]
[Site "Istanbul"]
[Date "2000.10.31"]
[Round "4.10.4"]
[White "Belotti, Bruno"]
[Black "Hug, Werner"]
[WhiteElo "2417"]
[BlackElo "2465"]
[WhiteCountry "ITA"]
[BlackCountry "SUI"]
[Result "1/2-1/2"]

1. d4 Nf6 2. c4 g6 3. Nc3 Bg7 4. e4 d6 5. f3 a6 6. Be3 Nbd7 7. Qd2 c6 8. Bd3 b5 
9. b3 O-O 10. Nge2 bxc4 11. Bxc4 a5 12. Rc1 Nb6 13. Bd3 Ba6 14. Nb1 Qd7 
15. O-O Qb7 16. Bxa6 
1/2-1/2

[Event "34th Chess Olympiad (men)"]
[Site "Istanbul"]
[Date "2000.10.31"]
[Round "4.12.2"]
[White "Wohl, Aleksandar H"]
[Black "Ponomariov, Ruslan"]
[WhiteElo "2461"]
[BlackElo "2630"]
[WhiteCountry "AUS"]
[BlackCountry "UKR"]
[Result "0-1"]

1. Nf3 d6 2. c4 g6 3. Nc3 Bg7 4. g3 Nf6 5. Bg2 O-O 6. O-O a6 7. b4 e5 
8. Bb2 Nc6 9. b5 Na5 10. d3 axb5 11. cxb5 h6 12. Qc2 Be6 13. Rfc1 Qd7 
14. Rab1 c5 15. bxc6ep bxc6 16. Ba1 Qa7 17. Nd2 Ng4 18. Nd1 f5 19. h3 Nf6 
20. Bc3 f4 21. g4 h5 22. gxh5 Nxh5 23. Nf3 Bd5 24. Bxa5 Qxa5 25. Nc3 Nf6 
26. Nxd5 cxd5 27. Ng5 Bh6 28. h4 Ra7 29. Qc6 f3 30. Bxf3 e4 31. Bg2 Qd2 
32. Rc2 Qf4 33. Ne6 Qxh4 34. Nxf8 Ng4 35. Qxd5+ Rf7 36. Qxf7+ Kxf7 37. Rb7+ Kf6 
38. Nh7+ Ke6 39. e3 Bxe3 40. Nf8+ Kf6 41. fxe3 Qh2+ 42. Kf1 Nxe3+ 43. Ke2 Qxg2+ 
44. Kxe3 Qf3+ 
0-1

[Event "34th Chess Olympiad (men)"]
[Site "Istanbul"]
[Date "2000.10.31"]
[Round "4.12.3"]
[White "Baklan, Vladimir"]
[Black "Zhao, Zong"]
[WhiteElo "2599"]
[BlackElo "2341"]
[WhiteCountry "UKR"]
[BlackCountry "AUS"]
[Result "1-0"]

1. e4 e6 2. d4 d5 3. Nc3 Bb4 4. e5 c5 5. a3 Ba5 6. Qg4 Ne7 7. dxc5 Bxc3+ 
8. bxc3 Qc7 9. Nf3 Nd7 10. Qxg7 Rg8 11. Qxh7 Nxe5 12. Be3 Ng4 13. Bb5+ Bd7 
14. Bxd7+ Kxd7 15. Qd3 Nxe3 16. Qxe3 Nf5 17. Qe5 Rxg2 18. Qxc7+ Kxc7 
19. Rb1 Rh8 20. Rb4 Rh3 21. Kf1 Rg7 22. Ke2 f6 23. Rf4 Kc6 24. Nd4+ Nxd4+ 
25. cxd4 f5 26. Rf3 Rh4 27. c3 f4 28. Kd3 Rg5 29. Re1 Kd7 30. c4 Rf5 
31. h3 Rfh5 32. cxd5 exd5 33. Re5 Rxe5 34. dxe5 Ke6 35. Kd4 a6 36. Rb3 f3+ 
37. Ke3 Kxe5 38. Rxb7 Rc4 39. Re7+ Kf6 40. Ra7 Rxc5 41. Rxa6+ Kg5 42. Kxf3 Rc3+ 
43. Kg2 d4 44. Rd6 Rxa3 45. Rxd4 Rb3 46. f3 Kf6 47. Rd5 Rb4 48. Ra5 Rc4 
49. Kg3 Rb4 50. h4 Kg6 51. Rg5+ Kf6 52. Rg4 Rb5 53. Rf4+ Kg6 54. Kg4 Rb1 
55. h5+ Kh6 56. Rf6+ Kg7 57. Rg6+ Kf7 58. Ra6 Kg7 59. f4 Rc1 60. Kg5 Rg1+ 
61. Kf5 Rb1 62. Rg6+ Kf7 63. Rd6 Rb5+ 64. Kg4 Kg7 65. Rg6+ Kf7 66. Rg5 Rb1 
67. h6 Ra1 68. Rb5 Kg6 69. Rb6+ Kh7 70. Re6 Rg1+ 71. Kf5 Ra1 72. Ke5 Ra5+ 
73. Ke4 Ra4+ 74. Kf3 Ra3+ 75. Kg4 Ra1 76. f5 Rb1 77. Kf4 Ra1 78. Rd6 Ra4+ 
79. Kg5 Ra1 80. Rd7+ Kg8 81. Kg6 Rg1+ 82. Kf6 Ra1 83. Re7 Rb1 84. Ra7 Rb6+ 
85. Kg5 Rb1 86. f6 Rg1+ 87. Kf5 Rf1+ 88. Ke6 Re1+ 89. Kd6 Rd1+ 90. Ke7 Re1+ 
91. Kd8 Rf1 92. Rg7+ Kh8 93. Rf7 Ra1 94. Re7 Kg8 95. h7+ Kh8 96. Re8+ Kxh7 
97. f7 Ra8+ 98. Ke7 Ra7+ 99. Ke6 
1-0

[Event "34th Chess Olympiad (men)"]
[Site "Istanbul"]
[Date "2000.10.31"]
[Round "4.12.4"]
[White "Sandler, Leonid"]
[Black "Romanishin, Oleg M"]
[WhiteElo "2416"]
[BlackElo "2591"]
[WhiteCountry "AUS"]
[BlackCountry "UKR"]
[Result "0-1"]

1. Nf3 Nf6 2. g3 d5 3. Bg2 g6 4. O-O Bg7 5. c4 dxc4 6. Qa4+ Nbd7 7. Qxc4 O-O 
8. Qc2 e5 9. d3 h6 10. b3 Nd5 11. Bb2 Nb4 12. Qc1 Nc6 13. Nbd2 Re8 14. a3 Nd4 
15. Re1 c6 16. e3 Nxf3+ 17. Nxf3 Qb6 18. Qc2 Qc5 19. Rac1 Qxc2 20. Rxc2 Nb6 
21. d4 Bf5 22. Rcc1 exd4 23. Bxd4 Bf8 24. Bb2 Rad8 25. Nd4 Bg7 26. Ba1 Be6 
27. b4 Bd5 28. Bxd5 Rxd5 29. Red1 Red8 30. Kf1 a5 31. Ke2 axb4 32. axb4 Ra8 
33. Rb1 Nc4 34. Rdc1 Ra2+ 35. Ke1 Nd2 36. Rb2 Nf3+ 37. Kf1 Rxb2 38. Bxb2 Nxd4 
39. exd4 Bxd4 40. Bxd4 Rxd4 41. b5 Rd6 42. bxc6 bxc6 43. Rb1 Kg7 44. Rb7 h5 
45. Rc7 Kf6 46. Ke2 Ke6 47. Ke3 f5 48. h4 Kd5 49. Kd3 c5 50. Rc8 Ra6 
51. Rd8+ Kc6 52. Rg8 Kb5 53. Kc3 Ra3+ 54. Kd2 Ra2+ 55. Ke3 Ra6 56. Kd3 c4+ 
57. Kd4 Rd6+ 58. Kc3 Rd3+ 59. Kc2 Rf3 60. Rxg6 Rxf2+ 61. Kc3 Rf3+ 62. Kc2 Kb4 
63. Rb6+ Kc5 64. Rh6 Kd4 65. Rxh5 Rf2+ 66. Kb1 Kc3 67. Rh8 Rb2+ 68. Ka1 Kc2 
69. Re8 Rb5 70. Re2+ Kd3 71. Rf2 c3 72. Rf3+ Kd2 73. Rf2+ Kd1 74. Rf1+ Ke2 
75. Rh1 c2 76. Ka2 Kd2 
0-1

[Event "34th Chess Olympiad (men)"]
[Site "Istanbul"]
[Date "2000.10.31"]
[Round "4.13.2"]
[White "Agrest, Evgenij"]
[Black "Kacheishvili, Giorgi"]
[WhiteElo "2554"]
[BlackElo "2564"]
[WhiteCountry "SWE"]
[BlackCountry "GEO"]
[Result "1/2-1/2"]

1. c4 e6 2. Nc3 d5 3. d4 Bb4 4. a3 Bxc3+ 5. bxc3 c5 6. e3 Ne7 7. cxd5 exd5 
8. Bd3 Nbc6 9. Ne2 c4 10. Bc2 Bf5 11. a4 O-O 12. O-O Qd7 13. Ng3 Bxc2 
14. Qxc2 Rfe8 15. f3 a6 16. e4 b5 17. Ba3 Rab8 18. axb5 
1/2-1/2

[Event "34th Chess Olympiad (men)"]
[Site "Istanbul"]
[Date "2000.10.31"]
[Round "4.13.3"]
[White "Gelashvili, Tamaz"]
[Black "Hector, Jonny"]
[WhiteElo "2519"]
[BlackElo "2509"]
[WhiteCountry "GEO"]
[BlackCountry "SWE"]
[Result "1/2-1/2"]

1. b3 e5 2. Bb2 Nc6 3. e3 Nf6 4. Bb5 Bd6 5. Na3 Na5 6. Nc4 Nxc4 7. Bxc4 O-O 
8. Ne2 c6 9. Ng3 Bc7 10. O-O d5 11. Be2 Re8 12. c4 a5 13. a3 Be6 14. d3 Bd6 
15. Qc2 Ng4 16. Bxg4 Bxg4 17. c5 Bc7 18. e4 Qg5 19. Bc1 Qg6 20. f4 exf4 
21. Bxf4 Bxf4 22. Rxf4 dxe4 23. dxe4 Re5 24. Raf1 f6 25. Qc3 Be6 26. R4f2 Qg5 
27. b4 axb4 28. axb4 Rd8 29. Re1 Bc8 30. Qb3+ Kh8 31. Rd1 Ree8 32. Rff1 Bg4 
33. Rxd8 Rxd8 34. h3 Bc8 35. Rd1 Rg8 36. Rd4 f5 37. Qf3 fxe4 38. Nxe4 Qe5 
39. Rd1 h6 40. Nd6 Be6 41. Nf7+ Bxf7 42. Qxf7 Qe3+ 43. Kh1 Qe2 44. Rd4 Ra8 
45. Qf4 Kg8 46. Rd7 Rf8 47. Qc7 Qf1+ 48. Kh2 Rf7 49. Rxf7 Qxf7 50. Qd8+ Kh7 
51. Qd4 Qc7+ 52. Kg1 Qf7 53. Qe4+ Kg8 54. g4 Qa2 55. Qd4 
1/2-1/2

[Event "34th Chess Olympiad (men)"]
[Site "Istanbul"]
[Date "2000.10.31"]
[Round "4.13.4"]
[White "Akesson, Ralf"]
[Black "Jobava, Baadur"]
[WhiteElo "2486"]
[BlackElo "2480"]
[WhiteCountry "SWE"]
[BlackCountry "GEO"]
[Result "1-0"]

1. d4 Nf6 2. c4 g6 3. Nc3 Bg7 4. e4 d6 5. h3 O-O 6. Bg5 Na6 7. Nf3 c6 8. Bd3 e5 
9. O-O Qc7 10. Qd2 exd4 11. Nxd4 Re8 12. Rfe1 Nc5 13. Bc2 Nfd7 14. Be3 a5 
15. b3 Nf6 16. f3 Bd7 17. Rad1 Rad8 18. Qf2 Bc8 19. Rd2 Qe7 20. a3 Ncd7 
21. Red1 d5 22. cxd5 Nxd5 23. Nxd5 cxd5 24. Nb5 dxe4 25. Bxe4 f5 26. Bd5+ Kh8 
27. Bf4 Ne5 28. Qb6 Qh4 29. g3 Qxh3 30. Nd6 Rxd6 31. Qxd6 g5 32. Rh2 Qxh2+ 
33. Kxh2 gxf4 34. gxf4 Ng6 35. Bf7 Re2+ 36. Kg3 Nf8 37. Qc7 Be6 38. Rd8 h5 
39. Bxe6 Rxe6 40. Qf7 h4+ 41. Kh3 
1-0

[Event "34th Chess Olympiad (men)"]
[Site "Istanbul"]
[Date "2000.10.31"]
[Round "4.14.4"]
[White "Badea, Bela"]
[Black "Polak, Tomas"]
[WhiteElo "2480"]
[BlackElo "2499"]
[WhiteCountry "ROM"]
[BlackCountry "CZE"]
[Result "1/2-1/2"]

1. Nf3 Nf6 2. c4 e6 3. g3 d5 4. Bg2 dxc4 5. Qa4+ Nbd7 6. Qxc4 c5 7. d3 a6 
8. Qb3 Bd6 9. a4 Rb8 10. a5 Bc7 11. Qa4 O-O 12. Nbd2 Nd5 13. O-O Qe7 14. Nc4 h6 
15. Bd2 Rd8 16. Qb3 e5 17. Bc3 Nxc3 18. bxc3 Nf6 19. Nfd2 Be6 20. Qc2 Bd7 
21. Rfb1 Bc6 22. Ne3 h5 23. Ne4 Ng4 24. Qc1 
1/2-1/2

[Event "34th Chess Olympiad (men)"]
[Site "Istanbul"]
[Date "2000.10.31"]
[Round "4.15.2"]
[White "Magai, Vladimir"]
[Black "Sokolov, Ivan"]
[WhiteElo "2546"]
[BlackElo "2611"]
[WhiteCountry "KGZ"]
[BlackCountry "BIH"]
[Result "1/2-1/2"]

1. d4 Nf6 2. c4 e6 3. Nf3 d5 4. Nc3 Nbd7 5. Bg5 h6 6. Bh4 dxc4 7. e3 Nb6 
8. Bxc4 Nxc4 9. Qa4+ Bd7 10. Qxc4 Be7 11. Ne5 O-O 12. Nxd7 Qxd7 13. O-O Rfd8 
14. Rac1 c6 15. Rfd1 Nd5 16. Bg3 Nxc3 17. Qxc3 c5 18. Qb3 cxd4 19. Rxd4 Rac8 
20. Rxc8 Qxc8 21. Rd5 Rd6 22. Rxd6 Bd8 23. h3 Bf6 24. Kh2 Qc6 25. Qb4 b5 
26. b3 a6 
1/2-1/2